000 01959nam a2200433Ia 4500
001 dia_5010
003 CHAP
005 20250805133725.0
007 ta
008 220117s2012 mx ado f 001 0 spa d
040 _amxchpua
_cCHAP
090 _aT.C.577
_bR49 IAI
_c2012
245 1 0 _aReporte del viaje de la materia de Interrelación Agricultura-Industria /
_ccoordinadores Diana América Reyna Izaguirre y Alfredo Espejel Zaragoza ; colaboradores Alejandro Arias Aguilar...[y otros]
260 _aMéxico :
_bEl autor,
_c2012
300 _a86 hojas :
_bilustraciones, tablas, gráficas, fotos
336 _2rdacontent
_atexto
_btxt
337 _2rdamedia
_ano mediado
_bn
338 _2rdacarrier
_avolumen
_bnc
500 _aGrado: 5° año Grupo: 01 y 04 Directorio: hojas 84-85
502 _aViaje de estudios
_b(IAI) --
_cUACh. Departamento de Ingeniería Agroindustrial,
_d2012
504 _aBibliografía: hojas 82-83
505 0 0 _tEmpresas visitadas: -- 1.Divemex, S. A. de C. V. -- 2. Agrícola Chaparral, S. P. R. de R. L. -- 3. La Costeña \ 4. Grupo Altex Molinos San Cristobal -- 5. U. S. A. Riverside, California Estados Unidos de América -- 6. WOW RUSD -- 7. Citrus Research Board -- 8. UC Nexus
650 1 3 _aCítricos
_924392
650 1 3 _aIndustria alimentaria
_9141176
650 1 3 _aIndustria molinera
_9157045
650 1 3 _aCitrus fruits
_9153080
650 1 3 _aFood industry
_9148657
650 1 3 _aMilling industry
_9157318
700 1 _aEspejel Zaragoza, José Alfredo
_9151219
_ecoordinador
700 1 _aReyna Izaguirre, Diana América
_9147338
_ecoordinadora
700 1 _aArias Aguilar, Alejandro
_ecolaborador
_9157098
856 4 1 _uhttp://10.13.5.2/ve/TC577_IAI/TC577_IAI_2012-REPORTE.pdf
_yDESCARGAR REPORTE
901 _aT.C.577 R49 IAI 2012
902 _aM
905 _a5232272012 mx amn 8223223322spa16
942 _2local
942 _cVE
999 _c175832
_d175832